000 00599nam a2200193Ia 4500
005 20250508165209.0
008 008 250505s9999 xx 000 0 eng d
037 _aDissertations
040 _aFEDL
_beng
_cFEDL
041 _aeng
_2eng
084 _a375.57, GUP/DI
_qFEDL
100 _aGupta Reetesh Kumar
_9780135
245 0 _aCritical analysis of biology curriculum at the senior secondary level in light of NCF- 2005
260 _c2012
300 _a87p.
546 _aM.Ed. Dissertation, (Delhi University)
942 _cDIS
_h375.57, GUP/DI
999 _c1393720
_d1393720